Módulos inclinantes y álgebras inclinadas /
Guardado en:
| Autor Principal: | |
|---|---|
| Otros Autores: | , , |
| Formato: | Libro |
| Idioma: | English |
| Publicado: |
Bahía Blanca :
INMABB-CONICET, Universidad Nacional del Sur,
2008.
|
| Series: | Notas de álgebra y análisis (Instituto de Matemática, Universidad Nacional del Sur) ;
21 |
| Acceso en línea: | Texto escaneado (PDF) |
| Etiquetas: |
Agregar Etiqueta
Sin Etiquetas, Sea el primero en etiquetar este registro!
|
| LEADER | 00964nam a22002295a 4500 | ||
|---|---|---|---|
| 001 | MAT.inmabb004956 | ||
| 008 | 080821s2008####ag#a##########000#0#eng#d | ||
| 005 | 20151030122255.0 | ||
| 245 | 1 | 3 | |a Módulos inclinantes y álgebras inclinadas / |c Ibrahim Assem, Juan Angel Cappa, María Inés Platzeck y Melina Verdecchia. |
| 260 | |a Bahía Blanca : |b INMABB-CONICET, Universidad Nacional del Sur, |c 2008. | ||
| 300 | |a 109 p. ; |c 27 cm. | ||
| 490 | 0 | |a Notas de álgebra y análisis, |x 0078-2009 ; |v 21 | |
| 504 | |a Bibliografía: p. 105-106. | ||
| 510 | 4 | |a MR, |c 2009f:16020 | |
| 100 | 1 | |a Assem, Ibrahim. | |
| 700 | 1 | |a Cappa, Juan Angel. | |
| 700 | 1 | |a Platzeck, María Inés. | |
| 700 | 1 | |a Verdecchia, Melina. | |
| 830 | 0 | |a Notas de álgebra y análisis (Instituto de Matemática, Universidad Nacional del Sur) ; |v 21 | |
| 084 | |a 35P20 (35J05) |2 MR | ||
| 856 | 4 | 1 | |u http://inmabb-conicet.gob.ar/publicaciones/naa/naa-21.pdf |y Texto escaneado (PDF) |
| 859 | |k H |p B-899 |3 21 |b BIB. MATEMATICA | ||
